000 00452nam a22001577a 4500
003 macl
005 20190825132528.0
008 190825b xxu||||| |||| 00| 0 eng d
040 _cmacl
082 _a891.431/RAK/P
100 _aचक्र ,डॉ राकेश
_976380
245 _aधार अपनी खुद बनाना
260 _aमऊ
_bलवकुश सिंह
_c2018
650 _aगीत
_976381
942 _2ddc
_cHIN
999 _c60831
_d60831